Demóstenes y su influencia

Guardado en:
書目詳細資料
主要作者: Darwin Adams, Carlos
格式: 圖書
語言:Undetermined
出版: Buenos Aires, Argentina Nova 1946
主題:
標簽: 添加標簽
沒有標簽, 成為第一個標記此記錄!

MARC

LEADER 00000nam a2200000Ia 4500
008 170316s9999 xx 000 0 und d
090 |a C-880 D-3d 
100 |a Darwin Adams, Carlos 
245 |a Demóstenes y su influencia 
260 |a Buenos Aires, Argentina 
260 |b Nova 
260 |c 1946 
300 |a 218 páginas 
650 |a FILOSOFÍA 
999 |c 16053  |d 16053 
040 |a cru BVZT 
942 |c 15 D  |h C-880 D-3d  |2 z